000 00668nam a2200253Ia 4500
003 OSt
005 20220918181601.0
006 a|||||r|||| 00| 0
007 ta
008 220917b |||||||| |||| 00| 0 eng d
024 _a27,718
037 _cTextual
040 _aARTS
_cARTS
_beng
041 _2eng
_aeng
082 _aO111,1M85:g, M9
100 _aKearns George
245 0 _aEzra Pound
_b the cantos
260 _aCambridge
_bCUP
_c1989
300 _aix,118p.
_ccm.
490 _aLandmarks of world literature
650 _aENGLISH LITERATURE
942 _hO111,1M85:g, M9
_cTEXL
_2CC
999 _c166136
_d166136